000 01252nam a2200349 i 4500
005 20250205172649.0
008 250205s2009 sp o grk 001 0dspa d
020 _a9788497433044
040 _aCO-PeBPR
_cCO-PeBPR
_erda
041 _aspa
082 0 4 _a927.8
_bG216j
100 1 _954290
_aGarcía Gil, Luis
_d1974-
_eautor
245 1 0 _aJacques Brel, una canción desesperada
_cLuis García Gil
250 _aPrimera edición
264 1 _aSan Salvador (España)
_bEditorial Milenio
_c2009
300 _a213 páginas
_bilustraciones, fotografías
_c22 cm
336 _aTexto
_btxt
_2rdacontent
337 _aSin mediación
_bn
_2rdamedia
338 _aVolumen
_bnc
_2rdacarrier
490 _aSerie Música
500 _aIncluye datos biográficos del autor
500 _aContiene discografía
504 _aContiene referencias bibliográficas
650 0 _928128
_aLibros
_vPop, Rock y otros estilos
650 0 _954291
_aPop, Rock Internacional
650 0 _924732
_aGrupos de Rock
650 0 _954292
_aSolistas
650 0 _954293
_aCantautores
_vHistoria
700 1 _954294
_aSopeña, Gabriel
_eprologuista
830 _aColección Musical - Eduardo González
942 _2ddc
_cBK
_h927.8 G216j
_k927.8
_mG216j
999 _c17506
_d17506